000 00728nam a22001337a 4500
040 _cRUA
082 _aAGR BUT 2021 B1-570 Or.
100 _aBUTH KIMHENG ប៊ុត គឹមហេង
245 _aEFFECT OF DIFFERENT MULCHING ON GROWTH AND YIELD OF CHINESE KALE (Brassica oleracea var. alboglabra). ឥទ្ធិពលនៃការប្រើប្រាស់គម្របសរីរាង្គផ្សេងគ្នាលើការលូតលាស់ និងទិន្នផលដំណាំខាត់ណាដើម
260 _aPhnom Penh
_bRUA
_c2021
300 _aIX.32P
_bVII.
_c29CM
856 _uhttps://drive.google.com/file/d/1Cd8CYAAVKnaJCT27GidML48LDT7-UoF9/view?usp=sharing
942 _cAGR
999 _c22747
_d22747